00611nam a2200169Ia 450000500170000000800410001708200230005824500990008126000280018030000120020850000500022070000230027070000280029394200060032195200990032799900150042620250307011915.0240331s9999 xx 000 0 und d bLAK24541a894.811 0aPayanapadatha Pathaikal :bKaadchi Vadiva Varalattu Payilarangil Penn Kalaijarkalin Pathivukal aMumbai,bSparrow c2001 a238 p., aLife and works of some famous female dancers. aSrinivasan, Aeedt aSivasubramaniam, Meedt cL 001040708LaWERCLbWERCLcSSCd2024-03-31l0o 894.811 LAKp4541r2024-03-31w2024-03-31yL c4339d4339